000 00337nam a2200145Ia 4500
005 20251222152621.0
008 251222s9999||||xx |||||||||||||| ||spa||
020 _a8467418028
082 _a889/B85
100 _aBrun, Georg
245 0 _aEl Legado de los Cátaros
250 _a1ra.ed.
264 _bPlaneta DeAgostini
942 _cLIB
999 _c27363
_d27363